Abelard to Apple : (Record no. 1081)

000 -LEADER
fixed length control field 02148nam a22003617a 4500
001 - CONTROL NUMBER
control field 16592554
003 - CONTROL NUMBER IDENTIFIER
control field OSt
005 - DATE AND TIME OF LATEST TRANSACTION
control field 20210426125426.0
008 - FIXED-LENGTH DATA ELEMENTS--GENERAL INFORMATION
fixed length control field 101228s2011 maua b 001 0 eng
010 ## - LIBRARY OF CONGRESS CONTROL NUMBER
LC control number 2010049657
016 7# - NATIONAL BIBLIOGRAPHIC AGENCY CONTROL NUMBER
Record control number 015841148
Source Uk
020 ## - INTERNATIONAL STANDARD BOOK NUMBER
International Standard Book Number 0262015803 (hardcover : alk. paper)
020 ## - INTERNATIONAL STANDARD BOOK NUMBER
International Standard Book Number 9780262015806 (hardcover : alk. paper)
035 ## - SYSTEM CONTROL NUMBER
System control number (OCoLC)ocn694566404
040 ## - CATALOGING SOURCE
Original cataloging agency DLC
Transcribing agency DLC
Modifying agency YDX
-- YDXCP
-- MYG
-- UKMGB
-- BWX
-- MIX
-- MNY
-- CDX
-- NIE
-- BDX
-- BTCTA
-- DLC
043 ## - GEOGRAPHIC AREA CODE
Geographic area code n-us---
050 00 - LIBRARY OF CONGRESS CALL NUMBER
Classification number LA227.4
Item number .D46 2011
080 ## - UNIVERSAL DECIMAL CLASSIFICATION NUMBER
Universal Decimal Classification number 37
Item number D-38
082 00 - DEWEY DECIMAL CLASSIFICATION NUMBER
Classification number 378.73
Edition number 22
100 1# - MAIN ENTRY--PERSONAL NAME
Personal name DeMillo, Richard A.
245 10 - TITLE STATEMENT
Title Abelard to Apple :
Remainder of title the fate of American colleges and universities /
Statement of responsibility, etc. Richard A. DeMillo.
260 ## - PUBLICATION, DISTRIBUTION, ETC.
Place of publication, distribution, etc. Cambridge, Mass. :
Name of publisher, distributor, etc. MIT Press,
Date of publication, distribution, etc. c2011.
300 ## - PHYSICAL DESCRIPTION
Extent xviii, 320 p. :
Other physical details ill. ;
Dimensions 24 cm.
504 ## - BIBLIOGRAPHY, ETC. NOTE
Bibliography, etc. note Includes bibliographical references and index.
505 00 - FORMATTED CONTENTS NOTE
Miscellaneous information I.
Title Great visions to lure them on --
Miscellaneous information 1.
Title Are you teaching this summer? --
Miscellaneous information 2. A
Title world of subjective judgments --
Miscellaneous information 3. The
Title smartest kid in class --
Miscellaneous information 4. The
Title twenty-first century --
Miscellaneous information II. An
Title abundance of choices --
Miscellaneous information 5.
Title It takes a lot to get us excited --
Miscellaneous information 6. The
Title computer in the cathedral --
Miscellaneous information 7.
Title Do no harm --
Miscellaneous information 8. The
Title factory --
Miscellaneous information 9.
Title Disruption --
Miscellaneous information III. A
Title better means of expressing their goals --
Miscellaneous information 10. The
Title value of a university --
Miscellaneous information 11.
Title Of majors and memes --
Miscellaneous information 12.
Title Threads --
Miscellaneous information IV.
Title Abelard to Apple --
Miscellaneous information 13. The
Title stardom of Leonard Susskind --
Miscellaneous information 14.
Title Unkept technological promises --
Miscellaneous information 15. A
Title substitute for deep reflection --
Miscellaneous information 16. The
Title process-centered university --
Miscellaneous information 17.
Title Hacking degrees --
Miscellaneous information V. The
Title long view --
Miscellaneous information 18. The
Title laws of innovation --
Miscellaneous information 19.
Title Just change my title to "architect" --
Miscellaneous information 20.
Title Rules for the twenty-first century.
650 #0 - SUBJECT ADDED ENTRY--TOPICAL TERM
Topical term or geographic name entry element Universities and colleges
Geographic subdivision United States.
650 #0 - SUBJECT ADDED ENTRY--TOPICAL TERM
Topical term or geographic name entry element Education, Higher
General subdivision Aims and objectives
Geographic subdivision United States.
650 #0 - SUBJECT ADDED ENTRY--TOPICAL TERM
Topical term or geographic name entry element Educational change
Geographic subdivision United States.
653 ## - INDEX TERM--UNCONTROLLED
Uncontrolled term განათლება
906 ## - LOCAL DATA ELEMENT F, LDF (RLIN)
a 7
b cbc
c orignew
d 1
e ecip
f 20
g y-gencatlg
942 ## - ADDED ENTRY ELEMENTS (KOHA)
Source of classification or shelving scheme
Koha item type Books
Holdings
Withdrawn status Lost status Source of classification or shelving scheme Damaged status Not for loan Permanent location Current location Date acquired Inventory number Total Checkouts Full call number Barcode Date last seen Price effective from Koha item type
          Ken Walker International University Ken Walker International University 02/01/2021 567   37 D-38 567 02/01/2021 02/01/2021 Books

Powered by Koha